Cost accounting : (Record no. 170340)

MARC details
000 -LEADER
fixed length control field 00702nam a22002297a 4500
005 - DATE AND TIME OF LATEST TRANSACTION
control field 20191213122441.0
010 ## - LCCN (DPL NO)
LC control number ENG-127119
020 ## - INTERNATIONAL STANDARD BOOK NUMBER
Terms of availability 695.00
International Standard Book Number 9789353168384
035 ## - SYSTEM CONTROL NUMBER
System control number EN-110651
037 ## - SOURCE OF ACQUISITION
Source of stock number/acquisition DBAD/PUB
082 ## - DEWEY DECIMAL CLASSIFICATION NUMBER
Classification number 657.42
100 ## - MAIN ENTRY--PERSONAL NAME
Personal name Jawahar Lal
245 ## - TITLE STATEMENT
Title Cost accounting :
Statement of responsibility, etc by Jawahar Las, Seema Srivastava [and] Manisha Singh
Remainder of title text, problems and cases /
250 ## - EDITION STATEMENT
Edition statement 6th ed.
260 ## - PUBLICATION, DISTRIBUTION, ETC. (IMPRINT)
Place of publication, distribution, etc New Delhi
Name of publisher, distributor, etc McGraw Hill Education
Date of publication, distribution, etc 2019
270 ## - ADDRESS
Address P-2, Green Park Extension
City New Delhi
Postal code 110016
300 ## - PHYSICAL DESCRIPTION
Extent xxxi;1036p.
Dimensions 23cm(pbk)
500 ## - GENERAL NOTE
General note Includes index
700 ## - ADDED ENTRY--PERSONAL NAME
Personal name Srivastava, Seema
700 ## - ADDED ENTRY--PERSONAL NAME
Personal name Singh, Manisha
942 ## - ADDED ENTRY ELEMENTS (KOHA)
Source of classification or shelving scheme Dewey Decimal Classification
Item type English Books
Classification part 657.42
Call number suffix JAW
Holdings
Withdrawn status Lost status Not for loan Collection code Home library Current library Date acquired Source of acquisition Cost, normal purchase price Full call number Barcode Copy number Cost, replacement price Koha item type
      Non-fiction D.B.Act.Division Mobile Library 13/12/2019 DBAD/PUB 695.00 657.42 JAW EN-110651 1 695.00 English Books

© Delhi Public Library
Hit Counter
free hit counter